[Event "15th Kesan Open 2017"]
[Site "Kesan"]
[Date "2017.08.14"]
[Round "3.4"]
[White "Yaramis, Hakan"]
[Black "Annaberdiev, Meilis"]
[Result "0-1"]
[WhiteElo "1944"]
[BlackElo "2487"]
[Annotator "TA"]
[PlyCount "98"]
[EventCountry "TUR"]
[SourceTitle "playchess.com"]
[Source "ChessBase"]
[SourceQuality "1"]

{[%evp 22,98,44,22,45,43,39,43,47,48,40,33,39,33,48,49,50,25,30,19,20,9,33,10,43,12,28,8,7,0,20,-45,-36,-50,-55,-58,-25,-70,-71,-58,-53,-45,-39,-60,-19,-25,-20,-20,0,0,0,-29,0,-11,0,-30,-31,-36,-32,-46,-11,-118,-109,-140,-131,-109,-118,-123,-118,-124,-89,-249,-245,-393,-370,-493,-487,-477,-460]} 1. d4 Nf6 2. Nf3 g6 3. c4 Bg7 4. Nc3 O-O 5. e4 d6 6. Be2 Na6 7. O-O e5 8. d5 Nc5 9. Qc2 a5 10. Be3 Ng4 11. Bxc5 dxc5 12. Rad1 {LiveBook: 5 Games. E94: King's Indian: Classical: 6 Be2 e5 7 0-0: Various Black 7th moves} Ra6 13. Ne1 $146 ({Predecessor:} 13. Qd2 Qe7 14. Ne1 Bh6 15. Qc2 Nf6 16. Nd3 Nd7 17. Nb5 Qd8 18. Rde1 f5 19. f4 fxe4 20. Nxe5 Bxf4 21. Nxd7 Bxd7 22. Qxe4 {0-1 (71) Meyer,L (2279)-Brito Garcia,A (2338) Las Palmas 2015}) 13... Qh4 {[%csl Gg4][%cal Rh4h2] [#]} 14. Bxg4 {White is slightly better.} Bxg4 15. f3 {And now g3 would win.} Bd7 16. Qf2 Qxf2+ 17. Rxf2 a4 18. Nd3 Ra5 19. Rb1 Re8 20. Rc2 Bf8 21. Kf2 b6 22. Ke2 Bd6 23. Rf1 Kg7 24. Kd1 Bc8 (24... f6 {feels hotter.} 25. Kd2 h5 26. h4 Kf7 27. Ke2 Bc8) 25. Nb5 Ra8 26. Nxd6 ({Better is} 26. Nc1 $11) 26... cxd6 $15 27. Kd2 Bd7 28. Rb1 f5 29. Ke3 b5 30. cxb5 Bxb5 31. b4 axb3 $1 32. Rxb3 Bxd3 33. Rb7+ Kf6 34. Kxd3 Reb8 35. Rxb8 Rxb8 $11 {[%mdl 4096] Endgame KR-KR} 36. Kc3 Rb1 37. Re2 (37. Rb2 $5 {[%cal Rb2b1]} Rc1+ 38. Kd3 $11) 37... h5 38. Kc2 Rb4 39. a3 Rd4 40. Kc3 Ke7 41. Rb2 (41. Ra2 $11 {keeps the balance.}) 41... fxe4 $17 42. fxe4 Rxe4 43. Rb7+ Kd8 44. Rg7 Rg4 45. g3 Ke8 46. Rg8+ $2 {[#]} (46. Kc2 $17 {is a better defense.}) 46... Kf7 $1 $19 {[%cal Rf7g8]} 47. Ra8 (47. Rd8 {keeps fighting.} Ke7 48. Rg8) 47... Rd4 48. a4 e4 49. Ra7+ Kf6 {Precision: White = 36%, Black = 48%.} 0-1

[Event "15th Kesan Open 2017"]
[Site "Kesan"]
[Date "2017.08.14"]
[Round "3.5"]
[White "Benidze, Davit"]
[Black "Karakurt, Fahri"]
[Result "1-0"]
[WhiteElo "2476"]
[BlackElo "1905"]
[Annotator "TA"]
[PlyCount "39"]
[EventCountry "TUR"]
[SourceTitle "playchess.com"]
[Source "ChessBase"]
[SourceQuality "1"]

{[%evp 27,39,41,44,49,50,45,49,55,151,149,351,347,338,316]} 1. d4 d5 2. c4 c6 3. Nf3 Nf6 4. e3 e6 5. Nbd2 Nbd7 6. Bd3 Bd6 7. O-O O-O 8. e4 dxe4 9. Nxe4 Nxe4 10. Bxe4 h6 11. Bc2 Re8 12. Qd3 Nf8 13. b3 b6 14. Bb2 Bb7 {LiveBook: 3 Games} 15. c5 {D46: Semi-Slav: 5 e3 Nbd7 6 Bd3, Black avoids the Meran} Bc7 $146 ({Find the theoretical novelty and annotate with similar games:} 15... Be7 16. Qe3 Nd7 17. Rad1 Qc7 18. b4 Ba6 19. Rfe1 Bc4 20. a3 Bd5 21. Qd3 f5 22. Bb3 Bf6 23. Bxd5 cxd5 {1-0 (40) Iljin,A (2513)-Petr,M (2417) Fuegen 2006}) 16. Qc3 Qf6 17. Ne5 b5 (17... Rad8 $14) 18. f4 $16 g6 $2 (18... a5 $16 19. Qg3 Qe7) 19. Ng4 $18 Qg7 {[#]} 20. d5 $1 {[%mdl 512]} 1-0

[Event "15th Kesan Open 2017"]
[Site "Kesan"]
[Date "2017.08.14"]
[Round "3.6"]
[White "Kuruz, Yusuf"]
[Black "Stefanov, Emil"]
[Result "1/2-1/2"]
[WhiteElo "1903"]
[BlackElo "2455"]
[Annotator "TA"]
[PlyCount "77"]
[EventCountry "TUR"]
[SourceTitle "playchess.com"]
[Source "ChessBase"]
[SourceQuality "1"]

{[%evp 19,77,0,6,0,4,0,0,0,0,0,0,0,4,4,4,4,4,0,4,3,10,8,8,16,30,18,26,34,29,8,8,0,0,0,0,0,0,0,0,0,0,0,0,0,0,0,0,0,0,0,0,0,0,0,0,0,0,0,0,0]} 1. c4 g6 2. Nc3 Bg7 3. g3 c5 4. Bg2 Nc6 5. Nf3 Nh6 6. d3 Nf5 7. O-O O-O 8. e4 {A37: Symmetrical English vs ...g6: 4 Bg2 Bg7 5 Nf3} (8. a3 b6 9. Bd2 Bb7 10. Rb1 d6 11. b4 Qd7 12. Ne4 Rab8 13. e3 Ne5 14. Nxe5 Bxe5 15. Qc2 Bg7 {1-0 (47) Efimenko,Z (2696)-Evdokimov,A (2558) Moscow 2013}) 8... Nfd4 9. Nxd4 Nxd4 10. Ne2 d6 {LiveBook: 3 Games} 11. Nxd4 Bxd4 12. Bh6 $146 ({Predecessor:} 12. Rb1 Bd7 13. Bh6 Re8 14. Be3 Bxe3 15. fxe3 e5 {1-0 (60) Khusnutdinov,R (2496)-Salim Issa,A (2026) Abu Dhabi 2016}) 12... Bxb2 13. Bxf8 Bxa1 14. Bxe7 $1 Qxe7 15. Qxa1 Qe5 16. f4 Qxa1 17. Rxa1 $11 {[%mdl 4096] Endgame KRB-KRB} Kf8 18. Rb1 Rb8 19. Kf2 b6 20. Ke3 Be6 21. Bf3 Ke7 22. g4 f6 23. h4 {[%cal Bh2h4,Bh4g5][%mdl 32]} Bd7 24. g5 h6 {The position is equal.} 25. Rg1 hxg5 26. hxg5 Rh8 27. Rh1 Rxh1 28. Bxh1 {KB-KB} Be6 29. a3 a6 30. Bf3 fxg5 31. fxg5 Bh3 32. Be2 Kd7 33. a4 Ke6 34. Kf4 Ke7 35. Ke3 Bd7 36. Bd1 Be8 37. Kf4 Ke6 38. Bg4+ Ke7 39. Bd1 $1 {Precision: White = 76%, Black = 84%.} 1/2-1/2

[Event "15th Kesan Open 2017"]
[Site "Kesan"]
[Date "2017.08.14"]
[Round "3.7"]
[White "Donmez, Taha Mert"]
[Black "Markidis, Konstantinos"]
[Result "0-1"]
[WhiteElo "1918"]
[BlackElo "2350"]
[Annotator "NA"]
[PlyCount "104"]
[EventCountry "TUR"]
[SourceTitle "playchess.com"]
[Source "ChessBase"]
[SourceQuality "1"]
[TimeControl "5400+30"]

1. c4 {[%emt 0:00:30]} e6 {[%emt 0:01:00]} 2. Nf3 {[%emt 0:00:30]} Nf6 {[%emt 0:01:30]} 3. e3 {[%emt 0:02:30]} b6 {[%emt 0:03:30]} 4. d4 {[%emt 0:02:30]} Bb7 {[%emt 0:01:30]} 5. Bd3 {[%emt 0:01:30]} c5 {[%emt 0:02:30]} 6. O-O {[%emt 0:02:30]} Be7 {[%emt 0:03:30]} 7. Nc3 {[%emt 0:03:30]} a6 {[%emt 0:00:30]} 8. b3 {[%emt 0:01:30]} O-O {[%emt 0:04:30]} 9. Bb2 {[%emt 0:01:30]} cxd4 {[%emt 0:00:30]} 10. exd4 {[%emt 0:01:30]} d5 {[%emt 0:01:30]} 11. Qe2 {[%emt 0:04:30]} Re8 {[%emt 0:07:30]} 12. Rfe1 {[%emt 0:09:30]} Nc6 {[%emt 0:08:30]} 13. Rad1 {[%emt 0:01:30]} g6 {[%emt 0:17:30]} 14. Qe3 {[%emt 0:17:30]} Rc8 {[%emt 0:12:30]} 15. Ng5 {[%emt 0:24:30]} ({White should play} 15. Qd2 $11) 15... Ng4 {[%emt 0:17:11]} 16. Qf4 {[%emt 0:02:30]} Bxg5 {[%emt 0:00:40]} 17. Qxg4 {[%emt 0:00:30]} Nb4 {[%emt 0:03:22]} 18. Bf1 {[%emt 0:06:41]} h5 {[%emt 0:03:12]} 19. Qg3 {[%emt 0:03:51]} Bh4 {[%emt 0:02:06]} 20. Qf4 {[%emt 0:01:45]} Bg5 {[%emt 0:02:45]} 21. Qg3 {[%emt 0:00:02]} Bh4 {[%emt 0:01:23]} 22. Qf4 {[%emt 0:00:03]} Qf6 {[%emt 0:00:16]} 23. Qxf6 {[%emt 0:02:43]} Bxf6 {[%emt 0:00:30]} 24. cxd5 {[%emt 0:00:22]} Nxd5 {[%emt 0:01:03]} 25. Nxd5 {[%emt 0:00:39]} Bxd5 $15 {[%emt 0:00:10]} 26. Bxa6 {[%emt 0:05:23]} Ra8 {[%emt 0:00:32]} 27. Bc4 {[%emt 0:00:46]} Bxc4 {[%emt 0:00:53]} 28. bxc4 {[%emt 0:00:04]} Rxa2 {[%emt 0:00:00]} 29. Bc1 {[%emt 0:02:54]} Rc2 {[%emt 0:00:08]} 30. d5 {[%emt 0:00:36]} Rxc4 {[%emt 0:00:25]} 31. d6 {[%emt 0:00:18]} Rd8 {[%emt 0:01:30]} 32. Be3 {[%emt 0:00:26]} Rc6 {[%emt 0:00:09]} 33. d7 {[%emt 0:00:20]} Kf8 {[%emt 0:00:23]} 34. Bh6+ {[%emt 0:00:35]} Ke7 {[%emt 0:00:12]} 35. Bc1 {[%emt 0:00:23]} Rxd7 {[%emt 0:00:05]} 36. Ba3+ {[%emt 0:00:13]} Ke8 {[%emt 0:00:32]} 37. Rb1 {[%emt 0:00:19]} Bd4 {[%emt 0:00:28]} 38. Re2 {[%emt 0:00:15]} Ra7 {[%emt 0:02:36]} 39. Bb4 {[%emt 0:00:50]} Ra1 {[%emt 0:01:12]} 40. Rxa1 {[%emt 0:00:09]} Bxa1 {[%emt 0:00:03]} 41. g3 {[%emt 0:00:04]} Bd4 {[%emt 0:00:19]} 42. Kg2 {[%emt 0:00:10]} Rc4 {[%emt 0:00:11]} 43. Be1 {[%emt 0:01:12]} b5 {[%emt 0:00:45]} 44. Ra2 {[%emt 0:00:00]} Ra4 {[%emt 0:00:00]} 45. Rc2 {[%emt 0:00:09]} Kd7 {[%emt 0:00:00]} 46. Bd2 {[%emt 0:01:13]} e5 {[%emt 0:00:14]} 47. Kf3 {[%emt 0:00:19]} b4 {[%emt 0:02:22]} 48. Rc4 {[%emt 0:00:55]} Ra3+ {[%emt 0:00:12]} 49. Be3 {[%emt 0:00:10]} b3 {[%emt 0:00:30]} 50. Ke4 {[%emt 0:01:10]} b2 {[%emt 0:00:22]} 51. Rb4 {[%emt 0:00:04]} Bc3 {[%emt 0:00:08]} 52. Rb7+ {[%emt 0:00:13]} Kc8 {[%emt 0:00:16]} 0-1

[Event "15th Kesan Open 2017"]
[Site "Kesan"]
[Date "2017.08.14"]
[Round "3.8"]
[White "Rahmanov, Shahriyar"]
[Black "Guven, Oguz Kagan"]
[Result "1-0"]
[WhiteElo "2327"]
[BlackElo "1878"]
[Annotator "NA"]
[PlyCount "89"]
[EventCountry "TUR"]
[SourceTitle "playchess.com"]
[Source "ChessBase"]
[SourceQuality "1"]
[TimeControl "5400+30"]

1. d4 {[%emt 0:00:30]} Nf6 {[%emt 0:01:00]} 2. c4 {[%emt 0:00:30]} e6 {[%emt 0:00:30]} 3. Nc3 {[%emt 0:00:30]} Bb4 {[%emt 0:00:30]} 4. e3 {[%emt 0:00:30]} O-O {[%emt 0:00:30]} 5. Nge2 {[%emt 0:00:30]} d5 {[%emt 0:00:30]} 6. a3 {[%emt 0:00:30]} Be7 {[%emt 0:00:30]} 7. cxd5 {[%emt 0:11:30]} exd5 {[%emt 0:00:00]} 8. g3 {[%emt 0:00:30]} c6 {[%emt 0:13:00]} 9. Bg2 {[%emt 0:00:30]} Bf5 {[%emt 0:00:30]} 10. O-O {[%emt 0:00:30]} Re8 {[%emt 0:03:30]} 11. b4 {[%emt 0:09:30] E46: Nimzo-Indian: Rubinstein: 4 e3 0-0 5 Ne2 without early Bd3} ({White should play} 11. f3 $11 c5 12. g4 Be6 13. g5 Nh5 14. f4 g6 15. dxc5 Bxc5 16. Nxd5 Bxd5 17. Qxd5 Qxd5 18. Bxd5 Nc6 {½-½ (37) Cramling,P (2523)-Zhao,X (2490) Nalchik 2010}) 11... Nbd7 {[%emt 0:05:30]} 12. f3 {[%emt 0:18:30]} Bd6 {[%emt 0:03:30]} 13. g4 $146 {[%emt 0:04:30]} ({Predecessor:} 13. Nf4 h6 14. Nd3 Re7 15. Nf2 Bg6 16. e4 dxe4 17. fxe4 Qb6 18. Na4 Qb5 {½-½ (28) Schmidt,J (2271)-Weiss,O (2153) Germany 2003}) 13... Bg6 {[%emt 0:00:30]} 14. Nf4 {[%emt 0:16:30]} Nb6 {[%emt 0:07:30]} (14... a5 $5 {[%cal Ra5b4]} 15. b5 Qc7 $15) 15. Nxg6 {[%emt 0:04:30]} hxg6 {[%emt 0:00:30]} 16. e4 {[%emt 0:00:30]} dxe4 {[%emt 0:00:30]} 17. fxe4 {[%emt 0:00:30]} Nh7 {[%emt 0:05:30]} 18. Qb3 {[%emt 0:16:45]} Rf8 {[%emt 0:02:30]} 19. Be3 {[%emt 0:09:15]} Be7 {[%emt 0:02:30]} 20. Kh1 {[%emt 0:01:30]} (20. a4 $16) 20... Bg5 {[%emt 0:01:30]} 21. Bg1 {[%emt 0:00:01]} Nf6 {[%emt 0:14:30]} 22. h3 {[%emt 0:00:02]} Qd7 {[%emt 0:04:30]} 23. Rad1 {[%emt 0:00:01]} Rad8 {[%emt 0:01:30]} 24. a4 {[%emt 0:00:15]} Nc8 {[%emt 0:03:30]} 25. d5 {[%emt 0:00:06]} cxd5 {[%emt 0:00:30] [#]} 26. e5 $1 {[%emt 0:00:52]} ({Weaker is} 26. Nxd5 Nxd5 27. b5 (27. Rxd5 Qe6 $14) (27. exd5 Nd6 $14) 27... Qe7 $14) ({Inferior is} 26. exd5 Rfe8 $11) 26... Nh7 {[%emt 0:08:30]} 27. Bxd5 {[%emt 0:00:01]} ({Resist} 27. Nxd5 Qe6 $18) ({Don't play} 27. Rxd5 $6 Qe8 $18) 27... Qe8 {[%emt 0:00:30]} 28. Bc5 {[%emt 0:02:46]} ({Not} 28. Bxb7 Rxd1 29. Rxd1 Qxe5 $16) 28... Be7 {[%emt 0:03:13]} 29. Bg1 {[%emt 0:00:22]} Nb6 {[%emt 0:01:59]} 30. Bxb7 {[%emt 0:00:25]} Rxd1 {[%emt 0:00:28]} 31. Rxd1 {[%emt 0:00:26]} Qb8 {[%emt 0:00:10] [#]} 32. Bg2 $1 {[%emt 0:00:43]} Qxe5 {[%emt 0:00:27]} 33. a5 {[%emt 0:00:58]} Nc8 {[%emt 0:00:00]} 34. Bh2 {[%emt 0:00:00]} Qe3 {[%emt 0:00:23]} 35. Qc4 {[%emt 0:00:28]} Nf6 $18 {[%emt 0:03:04]} 36. b5 {[%emt 0:00:01]} Qc5 {[%emt 0:02:46]} 37. Qxc5 {[%emt 0:01:26]} Bxc5 {[%emt 0:00:01]} 38. Ne4 {[%emt 0:00:00]} Nxe4 {[%emt 0:01:37]} 39. Bxe4 {[%emt 0:00:21]} f5 {[%emt 0:00:08]} 40. Bb7 {[%emt 0:01:00]} Ne7 {[%emt 0:00:41]} 41. Bg1 {[%emt 0:00:54]} Bxg1 {[%emt 0:00:10]} 42. Kxg1 {[%emt 0:00:02]} Kf7 {[%emt 0:00:34]} 43. Rc1 {[%emt 0:00:49]} Rb8 {[%emt 0:01:04]} 44. a6 {[%emt 0:00:19]} Ke6 {[%emt 0:00:14]} 45. b6 {[%emt 0:00:12]} 1-0

[Event "15th Kesan Open 2017"]
[Site "Kesan"]
[Date "2017.08.14"]
[Round "3.9"]
[White "Dimitrov, Atanas"]
[Black "Onem, Cem"]
[Result "1/2-1/2"]
[WhiteElo "2317"]
[BlackElo "1819"]
[Annotator "ChessBase"]
[PlyCount "84"]
[EventCountry "TUR"]
[SourceTitle "playchess.com"]
[Source "ChessBase"]
[SourceQuality "1"]
[TimeControl "5400+30"]

1. d4 {[%emt 0:00:30]} d5 {[%emt 0:01:00]} 2. c4 {[%emt 0:00:30]} e6 {[%emt 0:00:30]} 3. Nf3 {[%emt 0:00:30]} Nf6 {[%emt 0:00:30]} 4. g3 {[%emt 0:02:30]} Be7 {[%emt 0:00:30]} 5. Bg2 {[%emt 0:00:30]} O-O {[%emt 0:00:00]} 6. O-O {[%emt 0:01:30]} b6 {[%emt 0:00:00]} 7. Nc3 {[%emt 0:00:00]} Bb7 {[%emt 0:00:30]} 8. Ne5 {[%emt 0:00:00]} Nbd7 {[%emt 0:00:00]} 9. Qa4 {[%emt 0:00:00]} Nxe5 {[%emt 0:06:00]} 10. dxe5 {[%emt 0:01:00]} Ne4 {[%emt 0:00:00]} 11. Nxe4 {[%emt 0:00:30]} dxe4 {[%emt 0:00:00]} 12. Qc2 {[%emt 0:00:00]} Qd4 {[%emt 0:02:30]} 13. Bf4 {[%emt 0:00:00]} g5 {[%emt 0:01:30]} 14. Rad1 {[%emt 0:00:30]} Qc5 {[%emt 0:00:30]} 15. b4 {[%emt 0:00:30]} Qxb4 {[%emt 0:00:30]} 16. Bd2 {[%emt 0:00:00]} Qc5 {[%emt 0:00:30]} 17. Bxe4 {[%emt 0:00:00]} Bxe4 {[%emt 0:04:30]} 18. Qxe4 {[%emt 0:00:00]} Rad8 {[%emt 0:00:30]} 19. Be3 {[%emt 0:01:00]} Qa5 {[%emt 0:00:30]} 20. h4 {[%emt 0:02:30]} Qa4 {[%emt 0:04:30]} 21. Rxd8 {[%emt 0:16:30]} Rxd8 {[%emt 0:00:00]} 22. Bxg5 {[%emt 0:00:30]} Bxg5 {[%emt 0:00:00]} 23. Qg4 {[%emt 0:00:00]} Rd1 {[%emt 0:09:30]} 24. Qxg5+ {[%emt 0:02:00]} Kf8 {[%emt 0:00:30]} 25. h5 {[%emt 0:08:30]} Qc2 {[%emt 0:11:30]} 26. Rxd1 {[%emt 0:05:30]} Qxd1+ {[%emt 0:00:00]} 27. Kg2 {[%emt 0:00:30]} Qc2 {[%emt 0:05:00]} 28. Qd8+ {[%emt 0:39:50]} Kg7 {[%emt 0:00:30]} 29. Qg5+ {[%emt 0:03:19]} Kf8 {[%emt 0:00:30]} 30. Qd8+ {[%emt 0:00:04]} Kg7 {[%emt 0:00:30]} 31. Qf6+ {[%emt 0:00:03]} Kf8 {[%emt 0:00:00]} 32. a3 {[%emt 0:00:05]} Ke8 {[%emt 0:00:00]} 33. h6 {[%emt 0:04:24]} Qe4+ {[%emt 0:06:30]} 34. Kg1 {[%emt 0:00:24]} Qb1+ {[%emt 0:00:00]} 35. Kg2 {[%emt 0:00:28]} Qe4+ {[%emt 0:00:00]} 36. Kg1 {[%emt 0:00:40]} Qb1+ {[%emt 0:00:30]} 37. Kh2 {[%emt 0:00:01]} Qe4 {[%emt 0:00:00]} 38. e3 {[%emt 0:01:59]} a6 {[%emt 0:07:00]} 39. Qh8+ {[%emt 0:07:26]} Ke7 {[%emt 0:00:30]} 40. Qf6+ {[%emt 0:00:01]} Ke8 {[%emt 0:00:30]} 41. Qh8+ {[%emt 0:04:30]} Ke7 {[%emt 0:00:30]} 42. Qf6+ {[%emt 0:00:44]} Ke8 {[%emt 0:01:30]} 1/2-1/2

[Event "15th Kesan Open 2017"]
[Site "Kesan"]
[Date "2017.08.14"]
[Round "3.10"]
[White "Korkmaz, Turhan"]
[Black "Buyukasik, Diyap"]
[Result "0-1"]
[WhiteElo "1867"]
[BlackElo "2285"]
[Annotator "NA"]
[PlyCount "108"]
[EventCountry "TUR"]
[SourceTitle "playchess.com"]
[Source "ChessBase"]
[SourceQuality "1"]
[TimeControl "5400+30"]

1. e4 {[%emt 0:00:30]} c5 {[%emt 0:01:00]} 2. Nf3 {[%emt 0:00:30]} d6 {[%emt 0:00:30]} 3. d4 {[%emt 0:00:30]} cxd4 {[%emt 0:00:30]} 4. Nxd4 {[%emt 0:00:30]} Nf6 {[%emt 0:00:30]} 5. Nc3 {[%emt 0:00:30]} a6 {[%emt 0:00:00]} 6. Be2 {[%emt 0:04:30]} e5 {[%emt 0:00:00]} 7. Nb3 {[%emt 0:00:30]} Be6 {[%emt 0:00:30]} 8. O-O {[%emt 0:01:30]} Be7 {[%emt 0:00:30]} 9. a4 {[%emt 0:01:30]} O-O {[%emt 0:00:30]} 10. Kh1 {[%emt 0:06:30] B92: Sicilian Najdorf: 6 Be2} (10. Bf3 Nbd7 11. a5 Qc7 12. Re1 Rfd8 13. Be3 h6 14. h3 Rac8 15. Nd2 Nh7 16. Nf1 Bg5 17. Re2 Bxe3 18. Nxe3 {½-½ (34) Mamedov,N (2597)-Yilmaz,M (2582) Kocaeli 2015}) 10... Nbd7 {[%emt 0:06:30]} 11. Be3 {[%emt 0:01:30]} Rc8 {[%emt 0:01:30]} 12. a5 {[%emt 0:03:30]} Qc7 {[%emt 0:00:30]} 13. h3 {[%emt 0:02:30]} Qc6 {[%emt 0:06:30]} 14. Bf3 {[%emt 0:15:30]} Rfd8 {[%emt 0:02:30]} 15. g4 $146 {[%emt 0:05:30]} ({Predecessor:} 15. Qc1 d5 16. exd5 Bxd5 17. Nxd5 Nxd5 {1-0 (34) Mezioud,R-Abulhul,T (2027) Cairo 2009}) 15... Nf8 {[%emt 0:11:30]} 16. Bb6 {[%emt 0:02:30]} Re8 {[%emt 0:02:30]} 17. Be3 {[%emt 0:11:30]} Red8 {[%emt 0:03:30]} 18. Bb6 {[%emt 0:00:30]} Rd7 {[%emt 0:01:30]} 19. Be3 {[%emt 0:01:30]} (19. g5 $15 Ne8 20. Rg1) 19... Ng6 {[%emt 0:04:30]} (19... d5 $17 20. exd5 Nxd5 21. Bxd5 Bxd5+ 22. Nxd5 Rxd5) 20. g5 {[%emt 0:00:30]} Ne8 {[%emt 0:01:30]} 21. Nd5 {[%emt 0:02:30]} Bd8 {[%emt 0:07:30]} 22. Bg4 {[%emt 0:09:30]} Qxc2 {[%emt 0:10:30]} 23. Bxe6 {[%emt 0:01:30]} Qxd1 {[%emt 0:12:30]} 24. Bxf7+ {[%emt 0:00:30]} Rxf7 {[%emt 0:00:00]} 25. Rfxd1 {[%emt 0:00:30]} Rf3 {[%emt 0:03:00]} 26. Rac1 {[%emt 0:02:30]} Rxc1 {[%emt 0:02:30]} 27. Rxc1 {[%emt 0:00:30]} Bxg5 $1 {[%emt 0:02:56]} ({Not} 27... Rxh3+ $2 28. Kg2 $16) 28. Nd2 {[%emt 0:02:30]} (28. Rc8 $1 $11 Bxe3 29. Rxe8+ Kf7 30. Rb8 Bxf2 31. Rxb7+ Kg8 32. Rb8+ Rf8 33. Rxf8+ Kxf8 34. Kg2) 28... Bxe3 {[%emt 0:00:52]} 29. fxe3 {[%emt 0:01:30]} Rf2 {[%emt 0:00:49]} 30. Nc4 {[%emt 0:01:30]} Nh4 {[%emt 0:00:34]} 31. Kg1 {[%emt 0:01:06]} Rg2+ {[%emt 0:01:45]} 32. Kh1 {[%emt 0:00:12]} Rf2 {[%emt 0:01:58]} 33. Kg1 {[%emt 0:00:12]} Rg2+ {[%emt 0:00:00]} 34. Kh1 {[%emt 0:00:30]} Re2 {[%emt 0:00:00]} 35. Rf1 {[%emt 0:00:30]} h5 {[%emt 0:00:00]} 36. Ne7+ {[%emt 0:00:50]} Kh7 {[%emt 0:00:00]} 37. Nf5 {[%emt 0:02:53]} Nxf5 {[%emt 0:00:46]} 38. exf5 {[%emt 0:00:31]} Rc2 {[%emt 0:02:41]} 39. b3 {[%emt 0:00:43]} Rc3 {[%emt 0:00:05]} 40. Rb1 {[%emt 0:03:30]} e4 {[%emt 0:00:33]} 41. Kg2 {[%emt 0:00:34]} h4 {[%emt 0:00:34]} 42. Kf2 {[%emt 0:01:05]} (42. Rd1 $142) 42... Kh6 {[%emt 0:00:55]} 43. Ke2 {[%emt 0:01:45]} Rc2+ {[%emt 0:00:38]} 44. Nd2 {[%emt 0:00:17]} d5 {[%emt 0:00:55]} 45. Rg1 {[%emt 0:00:35]} Nf6 {[%emt 0:00:08]} 46. Rb1 {[%emt 0:00:52]} Ra2 $19 {[%emt 0:00:52]} 47. b4 {[%emt 0:00:27]} Nh5 {[%emt 0:00:05]} 48. Kd1 {[%emt 0:01:01]} Ng3 {[%emt 0:00:22]} 49. Nb3 {[%emt 0:02:08]} Nxf5 {[%emt 0:01:05]} 50. Nc5 {[%emt 0:00:30]} Nxe3+ {[%emt 0:00:00]} 51. Ke1 {[%emt 0:00:00]} Rh2 {[%emt 0:00:44]} 52. Rc1 {[%emt 0:00:05]} d4 {[%emt 0:00:55]} 53. Nxe4 {[%emt 0:03:06]} d3 {[%emt 0:00:05]} 54. Nf2 {[%emt 0:00:47]} Rxf2 {[%emt 0:00:15]} 0-1

[Event "15th Kesan Open 2017"]
[Site "Kesan"]
[Date "2017.08.15"]
[Round "4.1"]
[White "Savchenko, Boris"]
[Black "Annaberdiyev, Babageldi"]
[Result "1-0"]
[WhiteElo "2602"]
[BlackElo "2223"]
[Annotator "TA"]
[PlyCount "101"]
[EventCountry "TUR"]
[SourceTitle "playchess.com"]
[Source "ChessBase"]
[SourceQuality "1"]

{[%evp 24,101,69,63,79,50,58,64,77,87,79,88,85,87,104,41,43,48,82,56,120,115,106,16,127,120,111,111,156,163,160,160,152,153,156,151,156,145,150,103,114,107,116,103,89,100,165,160,131,150,221,198,211,206,119,107,290,229,284,244,627,645,537,509,676,670,627,621,790,683,1091,1090,6845,12819,6817,6323,1794,3813,1100,1012]} 1. e4 c6 2. d4 d5 3. Nc3 dxe4 4. Nxe4 Nf6 5. Nxf6+ exf6 6. c3 Bd6 7. Bd3 O-O 8. Ne2 Re8 9. Qc2 g6 10. h4 Nd7 11. h5 Nf8 12. Bh6 Be6 13. O-O-O {[%cal Be1c1,Bc1b1,Bb1a1][%mdl 32] LiveBook: 6 Games. B15: Caro-Kann: 3 Nc3: 3...g6 and 3...dxe4 4 Nxe4 Nf6 5 Nxf6+ exf6} f5 14. Kb1 b5 15. f3 $146 {White is slightly better.} ({Predecessor:} 15. Nf4 Bxf4 16. Bxf4 Qd5 17. b3 a5 18. f3 a4 19. b4 Ra7 20. Rde1 {½-½ (27) Maki,V (2407)-Kiik,K (2449) Finland 2005}) 15... Qd7 16. Nf4 Bxf4 17. Bxf4 a5 {[%cal Ba7a5,Ba5a4,Ba4a3][%mdl 32]} 18. Ka1 Qd5 {[%csl Ge6][%cal Rd5a2]} 19. b3 ({White should play} 19. Qb1 $1 $16) 19... a4 $14 20. b4 $1 a3 21. Qf2 Nd7 (21... Qd8 $14) 22. Bb1 $16 Qc4 {[#]} 23. Rc1 (23. Qd2 $1 $16) 23... Nf8 (23... Bd5 $1 $11 {keeps the balance.} 24. Rhe1 (24. hxg6 $2 Re2 $19) 24... c5) 24. Qh4 Bd5 {( -> ...Re2)} 25. Be5 Rxe5 26. dxe5 Qe2 {[%csl Ga3][%cal Re2b2] [#]} 27. Rc2 $1 {[%cal Rc2e2]} Qxe5 28. Re1 Qd6 29. Rd2 Ne6 30. hxg6 fxg6 31. Qf6 Re8 32. Bc2 {aiming for Bb3.} Qf4 33. Rde2 Rf8 34. Qe5 Bc4 (34... Qxe5 $16 35. Rxe5 Nf4) 35. Bb3 Qxe5 36. Rxe5 Nf4 (36... Bxb3 $16 {might work better.} 37. axb3 Nf4) 37. Bxc4+ $18 bxc4 {[%mdl 4096] Endgame KRR-KRN} 38. Ra5 Nxg2 39. Re6 g5 $2 (39... f4 $16) 40. Re7 ({Not} 40. Rxc6 g4 $14) 40... Nh4 41. Rxa3 {And now Raa7 would win.} f4 $2 (41... Rf7 42. Raa7 Rxe7 43. Rxe7 g4) 42. Raa7 {White threatens Rg7+ and mate.White is clearly winning.} Nf5 43. Rxh7 Re8 44. Rh5 Re1+ 45. Kb2 Rg1 46. Rh2 Nh4 47. Rd2 {[%cal Rd2d8]} Rg2 48. Rxg2 Nxg2 49. Ra5 Ne1 50. Rxg5+ Kf7 51. Rg1 {Precision: White = 73%, Black = 34%.} 1-0